| 000 | 00541nam a2200181 i 4500 | ||
|---|---|---|---|
| 001 | 78400 | ||
| 003 | ES-MaACL | ||
| 005 | 20230906173704.0 | ||
| 007 | t| | ||
| 008 | 041014s1902 sp ||||1| spa d | ||
| 100 | 1 |
_aHauser, Enrique. _962111 |
|
| 245 | 1 | 0 |
_aSobre la determinación del vanadio en sus menas plomíferas / _cEnrique Hauser. |
| 260 |
_aMadrid : _b[s.n.], _c1902 ( _fEst. Tip. de E. Teodoro) |
||
| 300 |
_a16 p. ; _c20 cm. |
||
| 650 | 4 |
_aVanadio. _9155946 |
|
| 650 | 4 |
_aMinas de plomo. _9172746 |
|
| 852 |
_aES-MaACL _jT-1006-F-5 |
||
| 999 |
_c78400 _d78400 |
||